F1 Podiums 1991 - Statistics

General Stats
  • This quiz has been taken 252 times
  • The average score is 8 of 11
Answer Stats
Answer % Correct
Ayrton Senna
100%
Alain Prost
99%
Nigel Mansell
97%
Nelson Piquet
89%
Gerhard Berger
88%
Riccardo Patrese
85%
Jean Alesi
81%
Roberto Moreno
40%
Stefano Modena
36%
JJ Lehto
31%
Bertrand Gachot
20%
No matching quizzes found
Score Distribution
Percent of People with Each Score
Percentile by Number Answered
Your Score History
You have not taken this quiz